Fifty key thinkers on the environment
Αποθηκεύτηκε σε:
| Άλλοι συγγραφείς: | , , |
|---|---|
| Μορφή: | Βιβλίο |
| Γλώσσα: | English |
| Δημοσίευση: |
London :
Routledge,
2005, c2001
|
| Σειρά: | Routledge key guides
|
| Θέματα: | |
| Ετικέτες: |
Προσθήκη ετικέτας
Δεν υπάρχουν, Καταχωρήστε ετικέτα πρώτοι!
|
MARC
| LEADER | 00000nam a2200000 i 4500 | ||
|---|---|---|---|
| 001 | 1/91385 | ||
| 008 | 080723r20052001 eng d | ||
| 020 | |a 0-415-14699-2 (pbk.) | ||
| 035 | |l 10099143 | ||
| 040 | |a GR-MY-UA |b gre |e aacr | ||
| 041 | 0 | |a eng | |
| 082 | 0 | |a 333.70922 |2 (22) | |
| 245 | 1 | 0 | |a Fifty key thinkers on the environment / |c edited by Joy A. Palmer ; advisory editors David E. Cooper and Peter Blaze Corcoran |
| 260 | |a London : |b Routledge, |c 2005, c2001 | ||
| 300 | |a xiv, 321 σ.; |c 23 εκ. | ||
| 490 | 1 | |a Routledge key guides | |
| 504 | |a Περιέχει βιβλιογραφικές παραπομπές | ||
| 650 | 0 | 0 | |a Environmental sciences |x Philosophy. |
| 650 | 0 | 0 | |a Environmentalists |x Biography. |
| 700 | 1 | |a Palmer, Joy. |4 edt | |
| 700 | 1 | |a Cooper, David Edward. |4 edt | |
| 700 | 1 | |a Corcoran, Peter Blaze. |4 edt | |
| 830 | 0 | |a Routledge key guides | |
| 852 | |a INST |b LESVOS |e 20080723 |h 333.70922 FIF |p 005100041838 |q 005100041838 |t BK |y 0 | ||
| 901 | |a BIBL1-2008-2 | ||
| 909 | |a Λ |b 151469 | ||
| 922 | |a 1ΕΛΗ |b 200803 |c ΕΠΕΑΕΚ2/ΤΠ |d ΠΑΠΑΣΩΤΗΡΙΟΥ | ||
| 970 | |a ΚΑΡΑ |b ΓΙΑΣΕΜΗ |z 2008/07/23 | ||